Syntactic pattern recognition: an introduction
Αποθηκεύτηκε σε:
| Κύριοι συγγραφείς: | , |
|---|---|
| Μορφή: | Βιβλίο |
| Γλώσσα: | Αγγλικά |
| Έκδοση: |
Reading
Addison-Wesley
1982
|
| Έκδοση: | 2a. ed |
| Σειρά: | Applied Mathematics and Computation
|
| Θέματα: | |
| Ετικέτες: |
Προσθήκη ετικέτας
Δεν υπάρχουν, Καταχωρήστε ετικέτα πρώτοι!
|
MARC
| LEADER | 00000nam a2200000 a 4500 | ||
|---|---|---|---|
| 001 | UCU3134 | ||
| 003 | CL-VaPUC | ||
| 008 | 960502e19820000US |||||||||||||||||eng|d | ||
| 082 | 0 | 4 | |a 006.4 |b GON |2 21 |
| 100 | |a González, Rafael C |e author |9 359877 | ||
| 700 | 0 | |a Thomason, Michael G |e author |9 359878 | |
| 245 | 1 | 0 | |a Syntactic pattern recognition: an introduction |
| 250 | |a 2a. ed | ||
| 300 | |a 283 p | ||
| 942 | |c BK | ||
| 945 | |d 19960502 00:00:00 |a paguirre | ||
| 260 | |a Reading |b Addison-Wesley |c 1982 | ||
| 650 | 0 | |a Simulación por computador |9 260988 | |
| 650 | 0 | |a Aplicaciones de computadores |9 260401 | |
| 650 | 0 | |a Matemática |9 260235 | |
| 650 | 0 | |a Modelos matemáticos |9 259437 | |
| 650 | 7 | |a SIMULACION ANALOGICA |2 CL-VaPUC |9 359709 | |
| 583 | |a last modification |c 19960502 00:00:00 |k Rodrigo Vera | ||
| 490 | 0 | |a Applied Mathematics and Computation | |
| 999 | |c 247236 |d 247234 | ||